| 000 | 00534nam a22001817a 4500 | ||
|---|---|---|---|
| 003 | OSt | ||
| 005 | 20131218101629.0 | ||
| 008 | 130424s2006 sp ||||| |||| 00| 0 spa d | ||
| 020 | _a8403096496 | ||
| 040 |
_cCDMR _bcat |
||
| 245 | 0 | 0 |
_aVaya país _b: cómo nos ven los corresponsales de prensa extranjera _cWerner Herzog (coord.) |
| 260 |
_aMadrid _bAguilar _c2006 |
||
| 300 | _a203 p. | ||
| 650 | 0 | 4 |
_92802 _aCorresponsals estrangers |
| 650 | 0 | 4 |
_93075 _aPeriodistes _vIntervius |
| 700 | 1 |
_93257 _aHerzog, Werner _ecoor. |
|
| 942 |
_2udc _cMON |
||
| 999 |
_c6121 _d6121 |
||